000 00824nam0a22002531 4500
001 rc\41375
005 20250620155418.0
035 _a(NLR Aleph) 005323091
090 _a6509722
_c6509722
100 _a20021216d1993 |||y0rusy50 ca
101 0 _arus
102 _aRU
105 _ay |||||||||
200 1 _aКалендарь спасения души
210 _aНальчик
_cИздат. центр "Эльф-Фа"
_d1993
215 _a511 с.
_d21
300 _aАвт. указаны на обороте тит. л.
700 1 _aГромаковский
_bА.З.
_gАлександр Зиновьевич
701 1 _aБрайрамукова
_bХ.А.
_gХалима Адильгериевна
801 0 _aRU
_bNLR
_gpsbo
801 1 _aRU
_bELAR
_2rusmarc
852 _aNLR
_j93-3/3633
942 _cBOOK
980 _aNB